Welcome to the Holygrace Academy Library

Please use search bar below to get started

JUHA KATHAKAL (Record no. 1337)

MARC details
000 -LEADER
fixed length control field 00388nam a22001577a 4500
020 ## - INTERNATIONAL STANDARD BOOK NUMBER
ISBN 81-7204-472-0
082 ## - DEWEY DECIMAL CLASSIFICATION NUMBER
Classification number 894.812.1
Item number KOD/J
100 ## - MAIN ENTRY--AUTHOR NAME
Personal name KODUVALLY, ABDULLATHEEF
245 ## - TITLE STATEMENT
Title JUHA KATHAKAL
250 ## - EDITION STATEMENT
Edition statement 1
260 ## - PUBLICATION, DISTRIBUTION, ETC. (IMPRINT)
Place of publication CALICUT
Name of publisher PRATHEEKSHA BOOKS
Year of publication 2009
300 ## - PHYSICAL DESCRIPTION
Number of Pages 101
520 ## - SUMMARY, ETC.
Summary, etc IT MAKES CHILDREN LAUGH AND THINK
650 ## - SUBJECT ADDED ENTRY--TOPICAL TERM
Topical Term MALAYALAM SHORT STORY
Geographic subdivision KERALA
942 ## - ADDED ENTRY ELEMENTS (KOHA)
Koha item type Books
Holdings
Withdrawn status Lost status Collection code Home library Current library Shelving location Date acquired Source of acquisition Cost, normal purchase price Full call number Accession Number Koha item type
    Fiction Main Library Main Library SHELF-6D- MALAYALAM SHORT STORIES 22/10/2012 PURCHASE 45.00 894.812.1 KOD/J 07160 Books